skbl

Dr Suryya Kumar Bhuyan Library Web-OPAC
ডঃ সূৰ্য্য
কুমাৰ ভূঞা পুথিভঁৰাল ৱেব-অ'পেক

All Research Scholars are advised to clear the annual library fees to continue using Library Resources, Remote Access, Plagiarism Test and Library Clearance.

Cotton University Book Fair 2026

Woman In all ages and in all Countries: Women of Mediaeval France / (Record no. 2409)

MARC details
000 -LEADER
fixed length control field 00454nam a2200145Ia 4500
001 - CONTROL NUMBER
control field 2416
008 - FIXED-LENGTH DATA ELEMENTS--GENERAL INFORMATION
fixed length control field 220701s1908 ii a g b000 u 465 u
082 ## - DEWEY DECIMAL CLASSIFICATION NUMBER
Classification number 396
100 ## - MAIN ENTRY--PERSONAL NAME
Personal name Butler, Pierce .
245 #0 - TITLE STATEMENT
Title Woman In all ages and in all Countries: Women of Mediaeval France /
Statement of responsibility, etc. Pierce Butler.
Medium Textual Documents
260 ## - PUBLICATION, DISTRIBUTION, ETC.
Place of publication, distribution, etc. Philadelphia :
Name of publisher, distributor, etc. Rittenhouse ,
Date of publication, distribution, etc. 1908.
300 ## - PHYSICAL DESCRIPTION
Extent 465p. :
Other physical details ill ;
Dimensions 19cm. .
653 ## - INDEX TERM--UNCONTROLLED
Uncontrolled term Women of Mediaeval France
942 ## - ADDED ENTRY ELEMENTS (KOHA)
Source of classification or shelving scheme Dewey Decimal Classification
Koha item type Books
Holdings
Withdrawn status Lost status Damaged status Not for loan Home library Current library Date acquired Coded location qualifier Total checkouts Full call number Barcode Date last seen Copy number Price effective from Koha item type
        Dr. Suryya Kumar Bhuyan Library Dr. Suryya Kumar Bhuyan Library 01/02/2012 00000   396 Bu 97 Wo 930.808 13/01/2024 1 01/02/2012 Books

Designed and Maintained by Team SKBL
©1901-2026

Powered by Koha